| 000 | 01004nam0a2200301 i 4500 | ||
|---|---|---|---|
| 001 | RU\NLR\bibl\2067380 | ||
| 005 | 20241101020037.0 | ||
| 010 | _a9785702430669 | ||
| 021 |
_aRU _b2013-60025 _94121 |
||
| 035 | _a(NLR Aleph) 002053814 | ||
| 090 |
_a4654204 _c4654204 |
||
| 100 | _a20130830d2013 u y0rusy50 ca | ||
| 101 | 1 |
_arus _cund |
|
| 102 | _aRU | ||
| 105 | _ay ||||||||| | ||
| 200 | 1 |
_aРайская птица _eроман _fИрен Беллоу |
|
| 210 |
_aМосква _cПанорама _d[2013] |
||
| 215 |
_a189, [1] с. _d17 |
||
| 225 | 1 |
_aПанорама романов о любви _eпериодический литературно-художественный альманах _v13-047 |
|
| 333 | _a16+ | ||
| 686 | _aШ6(4Вл)67-440.4{Лх1299-50} | ||
| 700 | 1 |
_4070 _7ca _8rus _aБеллоу _bИ. _gИрен _9178211 _3RU\NLR\AUTH\770178262 |
|
| 801 | 0 |
_aRU _bNLR _c20130830 _gRCR |
|
| 801 | 1 |
_aRU _bNLR _c20130830 |
|
| 942 | _cBOOK | ||
| 980 | _aNBR | ||